[Event "Valby K41 op 0607"]
[Site "Valby"]
[Date "2007.02.06"]
[Round "7"]
[White "Taylor, Ralph Jeffrey"]
[Black "Lichtenberg, Ivan"]
[Result "1-0"]
[WhiteElo "1876"]
[BlackElo "1258"]
[PlyCount "29"]
[EventDate "2006.11.14"]
[EventType "swiss"]
[EventRounds "9"]
[EventCountry "DEN"]
[SourceTitle "EXT 2018"]
[Source "ChessBase"]
[SourceDate "2017.10.13"]
[SourceVersion "1"]
[SourceVersionDate "2017.10.13"]
[SourceQuality "1"]

1. e4 c5 2. Nf3 Nc6 3. d4 cxd4 4. Nxd4 e6 5. Nxc6 bxc6 6. Bd3 Bc5 7. 0-0 d6 8. Nc3 Ne7 9. Kh1 0-0 10. Qh5 Ng6 11. f4 Bb7 12. f5 exf5 13. exf5 Ne5 14. f6 Nxd3 15. Qg5 1-0

[Event "Valby K41 op 0607"]
[Site "Valby"]
[Date "2007.01.23"]
[Round "6"]
[White "Roder, Peter Ulrik"]
[Black "Taylor, Ralph Jeffrey"]
[Result "1-0"]
[WhiteElo "2029"]
[BlackElo "1876"]
[PlyCount "97"]
[EventDate "2006.11.14"]
[EventType "swiss"]
[EventRounds "9"]
[EventCountry "DEN"]
[SourceTitle "EXT 2018"]
[Source "ChessBase"]
[SourceDate "2017.10.13"]
[SourceVersion "1"]
[SourceVersionDate "2017.10.13"]
[SourceQuality "1"]

1. e4 c5 2. Nf3 d6 3. d4 cxd4 4. Nxd4 Nf6 5. Nc3 a6 6. Be2 e6 7. Be3 Be7 8. 0-0 0-0 9. f4 Qc7 10. Qe1 Re8 11. Rd1 b5 12. e5 dxe5 13. fxe5 Qxe5 14. Bf4 Qc5 15. Bf3 Nd5 16. Nxd5 exd5 17. Qg3 Nc6 18. c3 Be6 19. Kh1 Nxd4 20. cxd4 Qb4 21. Bh6 Bf8 22. b3 Rac8 23. Rfe1 g6 24. Bf4 Bg7 25. Bd6 Qa5 26. Qf2 Qd8 27. Bc5 Bf8 28. b4 a5 29. a3 axb4 30. axb4 Ra8 31. Qf1 Qd7 32. Be2 Reb8 33. Ra1 Rxa1 34. Rxa1 Bxc5 35. dxc5 Qe8 36. Ra6 Bd7 37. Rd6 Bc6 38. h3 Ra8 39. Qf6 Qxe2 40. Rxc6 Qe1+ 41. Kh2 Qxb4 42. Rc7 Rf8 43. c6 Qc4 44. Rb7 d4 45. c7 d3 46. Qd6 Kg7 47. Rb8 d2 48. Qxf8+ Kf6 49. Qd8+ 1-0

[Event "Valby K41 op 0607"]
[Site "Valby"]
[Date "2006.11.21"]
[Round "2"]
[White "Taylor, Ralph Jeffrey"]
[Black "Radil, Casper"]
[Result "1-0"]
[WhiteElo "1876"]
[BlackElo "2104"]
[PlyCount "79"]
[EventDate "2006.11.14"]
[EventType "swiss"]
[EventRounds "9"]
[EventCountry "DEN"]
[SourceTitle "EXT 2018"]
[Source "ChessBase"]
[SourceDate "2017.10.13"]
[SourceVersion "1"]
[SourceVersionDate "2017.10.13"]
[SourceQuality "1"]

1. e4 Nf6 2. e5 Nd5 3. c4 Nb6 4. c5 Nd5 5. Bc4 e6 6. d4 d6 7. cxd6 cxd6 8. Nf3 Nc6 9. 0-0 dxe5 10. dxe5 Be7 11. Qe2 Nb6 12. Rd1 Bd7 13. Nc3 Nxc4 14. Qxc4 Rc8 15. Qg4 g6 16. Bh6 Qa5 17. Qg3 Nb4 18. Ne4 Nd5 19. a3 Ba4 20. Re1 Bd7 21. Rad1 Rc2 22. Nd6+ Bxd6 23. exd6 Nb6 24. Qh4 g5 25. Qd4 Rg8 26. Qf6 Nc8 27. Nxg5 Nxd6 28. b4 Qb6 29. Rxd6 Qxd6 30. Qxf7+ Kd8 31. Qxg8+ Kc7 32. Qxh7 Re2 33. Rc1+ Kb6 34. Nf3 Bc6 35. Be3+ Ka6 36. Qh5 Bd5 37. Nd4 Ra2 38. h3 b6 39. b5+ Ka5 40. Qd1 1-0